Insect pest management and ecological research

Insect Pest Managament and Ecological Research develops the first general model of the entomological research requirements of Integrated Pest Management (IPM). It shows how to navigate the diversity of options presented by current ecological theory, emphasising pest situations. The book also include...

Полное описание

Сохранить в:
Библиографические подробности
Главный автор: Walter, G. H.
Формат:
Язык:Undetermined
Опубликовано: Cambridge, UK Cambridge University Press 2003
Предметы:
Метки: Добавить метку
Нет меток, Требуется 1-ая метка записи!
Thư viện lưu trữ: Trung tâm Học liệu Trường Đại học Cần Thơ
LEADER 01257nam a2200217Ia 4500
001 CTU_116856
008 210402s9999 xx 000 0 und d
020 |c 123.42 
082 |a 632.7 
082 |b W232 
100 |a Walter, G. H. 
245 0 |a Insect pest management and ecological research 
245 0 |c G. H. Walter 
260 |a Cambridge, UK 
260 |b Cambridge University Press 
260 |c 2003 
520 |a Insect Pest Managament and Ecological Research develops the first general model of the entomological research requirements of Integrated Pest Management (IPM). It shows how to navigate the diversity of options presented by current ecological theory, emphasising pest situations. The book also includes practical advice on understanding and investigating species, examines the ecological problems associated with polyphagous pests and beneficial species, and scrutinises ways suggested to improve insect biological control. It will be an important resource for graduate students and researchers, in IPM, insect pest management, entomology, ecology and crop protection. 
650 |a Insect pests,Insect pests 
650 |x Integrated control,Ecology 
904 |i Minh 
980 |a Trung tâm Học liệu Trường Đại học Cần Thơ